Historical Figures A to Z #4 - Statistics

General Stats
  • This quiz has been taken 29 times
  • The average score is 12 of 25
Answer Stats
Hint Answer % Correct
N He fiddled while Rome burned down Nero
96%
K Vocalist who popularized Grunge and unfortunately became a member of the 27 Club Kurt Cobain
88%
H Leader of the SS Heinrich Himmler
79%
M Final leader of the USSR Mikhail Gorbachev
75%
P Missionary who rid Ireland of snakes Saint Patrick
71%
C Mad Roman Emperor who came after Tiberius and was assassinated Caligula
67%
I Author of James Bond & Chitty Chitty Bang Bang Ian Fleming
67%
J American fashion icon & wife of former US president Jacqueline Kennedy
67%
R Great Egyptian pharaoh who allegedly took part in the Exodus Ramesses II
63%
F Abolitionist orator who escaped slavery in Maryland Frederick Douglass
46%
O Irish poet and major figure in figure Aestheticism Oscar Wilde
46%
S First king of the Zulu Shaka
46%
X One of the Four Beauties of ancient China Xi Shi
42%
E Queen of France & England whose sons fought in the Crusades and signed the Magna Carta Eleanor of Aquitaine
38%
U Second king of the house of Savoy in Italy Umberto I
38%
W Socialist American folk musician who wrote "This Land is Your Land" Woody Guthrie
38%
T Terrorist who wrote about the future of Industrial Society Ted Kaczynski
33%
Y Soviet Leader who came to power after the death of Brezhnev Yuri Andropov
33%
D Surrealist filmmaker who directed Eraserhead David Lynch
29%
Z Wife of Francis Scott Fitzgerald Zelda Fitzgerald
29%
A Great Ancient Indian emperor Ashoka
25%
G Founder of calculus, who called our reality "the best of all possible worlds" Gottfried Leibniz
25%
L Swiss polymath & founder of graph theory Leonhard Euler
25%
B Anglo-Saxon monk famously known as "The Father of English History" Saint Bede
25%
Q Roman Dictator who invented the Fabian strategy while fighting Hannibal Quintus Fabius Maximus
21%
No matching quizzes found
Score Distribution
Percent of People with Each Score
Percentile by Number Answered
Your Score History
You have not taken this quiz